000 00821nam a22003250a 4500
001 PT37228
003 AR-LpoUNG
005 20210131230429.0
008 191001s2009||||ag |||||||||||||||||spa d
020 _a9789876290937
_c$10.75
040 _aAR-LpoUNG
_bspa
_cAR-LpoUNG
_eaacr
041 _aspa
044 _aag
082 0 _a982.03 321his
100 1 _aTernavasio, Marcela
245 1 0 _aHistoria de la Argentina :
_b1806-1852
250 _a1ra. ed.
260 _aBuenos Aires :
_bSiglo Veintiuno,
_c2009.
300 _a261 p. :
_bfot., mapas
650 4 _aANALISIS HISTORICO
650 4 _aARGENTINA
650 4 _aFEDERALISMO
650 4 _aGUERRA CIVIL
650 4 _aHISTORIA
650 4 _aHISTORIA POLITICA
650 4 _aINDEPENDENCIA
651 4 _aArgentina
905 _a37228
942 _cLSALA
999 _c3315
_d3315